Biggest Cities of Japan in 1500 on a Map - Statistics

General Stats
  • This quiz has been taken 308 times
  • The average score is 9 of 29
Answers on the Map
Answers color-coded by a green-red scale on the quiz's map according to % correct below.
 
Answer Stats
Population City % Correct
100,000 Heian-kyo (Kyoto)
96%
5,000 Yodo (Fushimi-ku, Kyoto)
96%
10,000 Ishiyama Hongan-ji (Chuo-ku, Osaka)
93%
35,000 Tennōji (Tennōji-ku, Osaka)
93%
50,000 Hakata (Hakata-ku, Fukuoka)
77%
25,000 Kagoshima
51%
10,000 Nara
51%
10,000 Sunpu (Shizuoka)
38%
5,000 Funai (Ōita)
33%
5,000 Hikuma (Hamamatsu)
33%
35,000 Yamaguchi
30%
30,000 Sakai
29%
10,000 Gifu
26%
25,000 Anotsu (Tsu)
23%
15,000 Sakamoto (Sakamoto, Ōtsu)
23%
5,000 Ominato (Ominato-cho, Ise)
21%
30,000 Ujiyamada (Ise)
21%
30,000 Kasuga (Naoetsu, Jōetsu)
17%
30,000 Kashiwazaki
11%
15,000 Kuwana
11%
5,000 Onomichi
11%
10,000 Dazaifu
10%
5,000 Kamae (Kamae, Saiki)
9%
10,000 Hasunuma (Hasunuma, Oyabe)
7%
20,000 Notsu (Notsu, Usuki)
7%
15,000 Zuisenji (Anami, Nanto)
7%
5,000 Yoshida (Fujiyoshida)
6%
15,000 Oiso (Azuchi, Ōmihachiman)
5%
7,500 Kiyosu
4%
No matching quizzes found
Score Distribution
Percent of People with Each Score
Percentile by Number Answered
Your Score History
You have not taken this quiz